000 00808nam a22002417a 4500
005 20180115144021.0
008 180115b xxu||||| |||| 00| 0 eng d
010 _aB-007243 B-077576
020 _c400.00
_a8187643013
035 _aB-007243
035 _aB-077576
037 _bCen Lib/Ret
040 _aDPL
_bEN
082 _a616.12
_bCHH
100 _aChhajer, Bimal
_9108635
245 _aReversal of heart disease :
_cby Bimal Chhajer
_bin five easy steps /
260 _aNew Delhi
_bSaaol Publications
_c2000
270 _a14/84 Vikram Vihar, Lajpat Nagar-IV
_bNew Delhi
_e110024
300 _a396p. :
_c24cm(Hb)
_bcol. ill.
650 _aCoronary heart disease--Diet therapy
_934787
650 _aHeart--Diseases--Prevention
_9108636
942 _2ddc
_cEN
_h616.12
_mCHH
999 _c132464
_d132464